[Event "Titled Tuesday 27th July"]
[Site "chess.com INT"]
[Date "2021.07.27"]
[Round "5"]
[White "Flores Quillas, Diego Saul Rodri"]
[Black "Gonzalez, Francisco Silva"]
[Result "0-1"]
[WhiteElo "2245"]
[BlackElo "2049"]
[PlyCount "60"]
[EventDate "2021.07.27"]
[SourceTitle "The Week in Chess 1395"]
[Source "Mark Crowther"]
[SourceDate "2021.08.02"]
[SourceVersion "1"]
[SourceVersionDate "2021.08.02"]
[SourceQuality "2"]

1. e4 e5 2. Nf3 Nc6 3. c3 d5 4. Qa4 Bd7 5. exd5 Nd4 6. Qd1 Nxf3+ 7. Qxf3 Nf6 8.
Bc4 b5 9. Bb3 e4 10. Qe2 Bd6 11. h3 O-O 12. O-O Bf5 13. Na3 a6 14. Nc2 Re8 15.
a4 Bd7 16. Ne3 Bc5 17. d4 exd3 18. Qxd3 Ne4 19. axb5 axb5 20. Rxa8 Qxa8 21. Bc2
f5 22. b4 Bb6 23. f3 Ng3 24. Re1 Qa1 25. Kh2 Bxe3 26. Kxg3 Bxc1 27. Rxe8+ Bxe8
28. Qxf5 Qxc3 29. Qxh7+ Kf8 30. Qh8+ Ke7 0-1

[Event "Titled Tuesday 27th July"]
[Site "chess.com INT"]
[Date "2021.07.27"]
[Round "3"]
[White "Cagara, P."]
[Black "Estrada Nieto, J."]
[Result "1/2-1/2"]
[WhiteElo "2027"]
[BlackElo "2280"]
[PlyCount "53"]
[EventDate "2021.07.27"]
[SourceTitle "The Week in Chess 1395"]
[Source "Mark Crowther"]
[SourceDate "2021.08.02"]
[SourceVersion "1"]
[SourceVersionDate "2021.08.02"]
[SourceQuality "2"]

1. e4 e5 2. Nf3 Nc6 3. c3 Nf6 4. d4 Nxe4 5. d5 Ne7 6. Nxe5 Ng6 7. Qd4 Nxe5 8.
Qxe4 Qe7 9. Be2 Ng6 10. Nd2 d6 11. O-O Qxe4 12. Nxe4 Be7 13. Be3 O-O 14. f4 f5
15. Nd2 Bf6 16. Bf3 Bd7 17. Nb3 Rfe8 18. Rfe1 Nh4 19. Kf2 Nxf3 20. Kxf3 Kf7 21.
Bd4 b6 22. Bxf6 Kxf6 23. Nd4 a5 24. b3 h6 25. a4 g5 26. g3 g4+ 27. Kf2 1/2-1/2

[Event "Titled Tuesday 27th July"]
[Site "chess.com INT"]
[Date "2021.07.27"]
[Round "1"]
[White "Legenia, Artem"]
[Black "Rodriguez Hernandez, L."]
[Result "1-0"]
[WhiteElo "2144"]
[BlackElo "2385"]
[PlyCount "71"]
[EventDate "2021.07.27"]
[SourceTitle "The Week in Chess 1395"]
[Source "Mark Crowther"]
[SourceDate "2021.08.02"]
[SourceVersion "1"]
[SourceVersionDate "2021.08.02"]
[SourceQuality "2"]

1. e4 e5 2. Nf3 Nc6 3. c3 d6 4. Bc4 Be6 5. Bxe6 fxe6 6. Qb3 Qc8 7. d4 exd4 8.
cxd4 Nf6 9. Nc3 Be7 10. Be3 Ng4 11. O-O O-O 12. Rac1 Kh8 13. d5 exd5 14. exd5
Nd8 15. Bd4 Qf5 16. Qc2 Qh5 17. h3 Nh6 18. Ne4 Rxf3 19. gxf3 Ndf7 20. Qxc7 Re8
21. Kh2 Bd8 22. Qd7 Rf8 23. Rg1 Nf5 24. Qxf5 Qxf5 25. Bxg7+ Kg8 26. Bf6+ Qg6
27. Rxg6+ hxg6 28. Bxd8 Rxd8 29. Rc7 Ne5 30. Kg2 Nd3 31. Rxb7 a5 32. a3 Nf4+
33. Kh2 Nxd5 34. b4 axb4 35. axb4 Rf8 36. Kg3 1-0

[Event "32nd Czech Rapid G1 2021"]
[Site "Pardubice CZE"]
[Date "2021.07.22"]
[Round "9.11"]
[White "Neuman, P."]
[Black "Moskvin, Anatoly"]
[Result "1-0"]
[WhiteElo "2397"]
[BlackElo "2148"]
[PlyCount "93"]
[EventDate "2021.07.21"]
[EventType "rapid"]
[SourceTitle "The Week in Chess 1394"]
[Source "Mark Crowther"]
[SourceDate "2021.07.26"]
[SourceVersion "3"]
[SourceVersionDate "2021.07.27"]
[SourceQuality "2"]

1. e4 e5 2. Nf3 Nc6 3. c3 Nf6 4. d3 d5 5. Nbd2 a6 6. Be2 Bc5 7. O-O O-O 8. b4
Ba7 9. a4 d4 10. cxd4 Nxd4 11. Bb2 Re8 12. b5 axb5 13. axb5 Nxe2+ 14. Qxe2 Bg4
15. h3 Bxf3 16. Nxf3 Nd7 17. Qc2 f6 18. Rfc1 Bb6 19. Rxa8 Qxa8 20. d4 exd4 21.
Bxd4 Qa3 22. Bxb6 Nxb6 23. e5 fxe5 24. Ng5 e4 25. Qxc7 Qe7 26. Qxb6 Qxg5 27.
Rc8 Qe7 28. Rxe8+ Qxe8 29. Qxb7 e3 30. Qd5+ Kh8 31. fxe3 Qxe3+ 32. Kf1 h6 33.
Qc6 Qd3+ 34. Ke1 Qe3+ 35. Kd1 Qb3+ 36. Kc1 Qe3+ 37. Kc2 Qf2+ 38. Kb3 Qe3+ 39.
Kc4 Qe2+ 40. Kc5 Qf2+ 41. Kd6 Qd4+ 42. Kc7 Qa7+ 43. Kc8 Qa4 44. Qd5 Qc2+ 45.
Kb7 Qe2 46. b6 Qe7+ 47. Kc8 1-0

[Event "TCh-POR Div1 2021"]
[Site "Peniche POR"]
[Date "2021.07.22"]
[Round "5.4"]
[White "Santos, Jose Miguel Sereno"]
[Black "Margarido, J."]
[Result "1/2-1/2"]
[WhiteElo "1896"]
[BlackElo "2112"]
[PlyCount "92"]
[EventDate "2021.07.19"]
[SourceTitle "The Week in Chess 1394"]
[Source "Mark Crowther"]
[SourceDate "2021.07.26"]
[SourceVersion "3"]
[SourceVersionDate "2021.07.27"]
[SourceQuality "2"]
[WhiteTeam "CX A2D A"]
[BlackTeam "EPGAIA - CLUBE DE XADREZ A"]

1. e4 e5 2. Nf3 Nc6 3. c3 d5 4. Qa4 f6 5. Bb5 Nge7 6. exd5 Qxd5 7. d4 a6 8.
Bxc6+ Nxc6 9. dxe5 fxe5 10. O-O Bd6 11. Nbd2 O-O 12. Ne4 b5 13. Qb3 Be6 14.
Qxd5 Bxd5 15. Nxd6 cxd6 16. Rd1 Ne7 17. Bg5 Bxf3 18. Bxe7 Bxd1 19. Bxf8 Kxf8
20. Rxd1 Ke7 21. Kf1 Ke6 22. Ke2 d5 23. Ke3 a5 24. f4 exf4+ 25. Kxf4 b4 26.
cxb4 axb4 27. Rd4 Rb8 28. Ke3 g6 29. Rd3 Kd6 30. Rb3 Kc5 31. a3 Re8+ 32. Kd3
bxa3 33. Rxa3 Rb8 34. Rc3+ Kd6 35. Rc2 Rb3+ 36. Kd4 Rb4+ 37. Kd3 Rh4 38. g3 Rb4
39. Rf2 Rb3+ 40. Kd4 Rb4+ 41. Kd3 Rb3+ 42. Kd4 Rb4+ 43. Kd3 Rb3+ 44. Kd4 Rb4+
45. Kc3 Rc4+ 46. Kd3 Rb4 1/2-1/2

[Event "ch-HUN Rapid 2021"]
[Site "Ajka HUN"]
[Date "2021.07.18"]
[Round "11.22"]
[White "Csonka, A1."]
[Black "Persanyi, Barnabas"]
[Result "0-1"]
[WhiteElo "2376"]
[BlackElo "2362"]
[PlyCount "90"]
[EventDate "2021.07.16"]
[EventType "rapid"]
[SourceTitle "The Week in Chess 1393"]
[Source "Mark Crowther"]
[SourceDate "2021.07.19"]
[SourceVersion "3"]
[SourceVersionDate "2021.07.20"]
[SourceQuality "2"]

1. e4 e5 2. Nf3 Nc6 3. c3 Nf6 4. d4 exd4 5. e5 Nd5 6. Qb3 Nb6 7. cxd4 d6 8. Bb5
Be6 9. Qc2 Qd7 10. Be3 a6 11. Bxc6 Qxc6 12. Qxc6+ bxc6 13. Nbd2 Kd7 14. Rc1 a5
15. a3 Be7 16. h4 h6 17. Ne4 Nc4 18. Rc2 Rhb8 19. Bc1 Ra7 20. Ned2 Nb6 21. O-O
Bf5 22. Rc3 Nd5 23. Rb3 Rba8 24. Ne1 Bxh4 25. g3 Be7 26. f4 h5 27. Nc4 a4 28.
Rbf3 Rb8 29. Ng2 g6 30. Nge3 Be4 31. R3f2 f5 32. Nxd5 cxd5 33. Ne3 Rb3 34. Rd1
Ra8 35. Nf1 Rh8 36. Rh2 h4 37. Re1 Rh5 38. Re3 dxe5 39. Rxb3 axb3 40. fxe5 c5
41. Be3 c4 42. Nd2 hxg3 43. Rxh5 gxh5 44. Nxe4 dxe4 45. Bd2 Bxa3 0-1

[Event "Slovakia Open 2021"]
[Site "Piestany SVK"]
[Date "2021.07.17"]
[Round "8.15"]
[White "Sevcikova, Lucia"]
[Black "Sosovickova, Jana"]
[Result "1-0"]
[WhiteElo "2002"]
[BlackElo "1843"]
[PlyCount "85"]
[EventDate "2021.07.10"]
[SourceTitle "The Week in Chess 1393"]
[Source "Mark Crowther"]
[SourceDate "2021.07.19"]
[SourceVersion "3"]
[SourceVersionDate "2021.07.20"]
[SourceQuality "2"]

1. e4 e5 2. Nf3 Nc6 3. c3 Nf6 4. d4 exd4 5. e5 Ne4 6. Qe2 Nc5 7. cxd4 Ne6 8. d5
Ned4 9. Nxd4 Nxd4 10. Qe4 Bb4+ 11. Nc3 c5 12. Be3 Qb6 13. Rc1 O-O 14. Bd3 Qg6
15. Qxg6 hxg6 16. d6 Ne6 17. O-O Bxc3 18. Rxc3 b6 19. a4 Bb7 20. Bb5 Rfd8 21.
a5 g5 22. g3 g4 23. h3 gxh3 24. f4 f5 25. exf6 gxf6 26. Re1 f5 27. Kh2 Kf7 28.
Bf2 Rac8 29. Rc2 Be4 30. Rd2 Rb8 31. a6 Rbc8 32. Bc4 Rh8 33. Rxe4 fxe4 34. f5
Rcd8 35. Be3 Kf6 36. fxe6 dxe6 37. Rf2+ Ke5 38. Rd2 Kf5 39. Bb5 e5 40. d7 Rh7
41. Rd6 Kg4 42. Be2+ Kf5 43. g4# 1-0

[Event "32nd Czech Open E 2021"]
[Site "Pardubice CZE"]
[Date "2021.07.17"]
[Round "5.2"]
[White "Neuman, P."]
[Black "Frank, Adam"]
[Result "1/2-1/2"]
[WhiteElo "2397"]
[BlackElo "2237"]
[PlyCount "92"]
[EventDate "2021.07.15"]
[EventType "team"]
[SourceTitle "The Week in Chess 1394"]
[Source "Mark Crowther"]
[SourceDate "2021.07.26"]
[SourceVersion "3"]
[SourceVersionDate "2021.07.27"]
[SourceQuality "2"]
[WhiteTeam "CESKY LEV KOLESOVICE (MCR)"]
[BlackTeam "BESKYDSKA SACHOVA SKOLA S (MCR)"]

1. e4 e5 2. Nf3 Nc6 3. c3 Nf6 4. d3 d6 5. g3 g6 6. Bg2 Bg7 7. O-O O-O 8. Re1 d5
9. Nbd2 Re8 10. Qc2 h6 11. b4 a6 12. Bb2 Be6 13. a4 dxe4 14. dxe4 Nd7 15. Bf1
f5 16. Bc4 Bxc4 17. Nxc4 f4 18. b5 axb5 19. axb5 Rxa1 20. Rxa1 Ncb8 21. Ba3 Qf6
22. Qd3 Kh7 23. g4 Nb6 24. Nxb6 Qxb6 25. c4 c6 26. Rd1 Bf6 27. Qb3 Rd8 28. Rxd8
Qxd8 29. bxc6 bxc6 30. h3 Qc7 31. c5 Kg7 32. Qb6 Qc8 33. Bb2 Nd7 34. Qa7 Kf8
35. Kg2 Ke8 36. Bc3 g5 37. Ba5 Be7 38. Bb6 Kf7 39. Nd2 Kf6 40. Nc4 Ke6 41. Qa5
Qb7 42. f3 Qb8 43. Kf2 Bxc5+ 44. Bxc5 Qb5 45. Qxb5 cxb5 46. Na3 Nxc5 1/2-1/2

[Event "Titled Tuesday 13th July"]
[Site "chess.com INT"]
[Date "2021.07.13"]
[Round "5"]
[White "Flores Quillas, Diego Saul Rodri"]
[Black "Lazavik, Denis"]
[Result "0-1"]
[WhiteElo "2245"]
[BlackElo "2440"]
[PlyCount "103"]
[EventDate "2021.07.13"]
[SourceTitle "The Week in Chess 1393"]
[Source "Mark Crowther"]
[SourceDate "2021.07.19"]
[SourceVersion "3"]
[SourceVersionDate "2021.07.20"]
[SourceQuality "2"]

1. e4 e5 2. Nf3 Nc6 3. c3 d5 4. Qa4 f6 5. d3 Nge7 6. Nbd2 g5 7. Be2 Bg7 8. b4
O-O 9. b5 Nb8 10. Bb2 Nd7 11. Qc2 Nc5 12. O-O Ne6 13. g3 dxe4 14. dxe4 Ng6 15.
Nc4 g4 16. Nfd2 h5 17. Rfd1 Qe8 18. Ne3 Ng5 19. Ba3 Rf7 20. Bc4 Be6 21. Qb3 Bf8
22. Bxe6 Qxe6 23. Qxe6 Nxe6 24. Bxf8 Kxf8 25. Nb3 Ke8 26. Nd5 Rc8 27. Nb4 Ng5
28. Nd2 Rd8 29. Nc4 Nxe4 30. Rxd8+ Kxd8 31. Nd5 Rd7 32. Nce3 c6 33. bxc6 bxc6
34. Nb4 Kc7 35. c4 a5 36. Nbc2 Nf8 37. Kg2 Ne6 38. Rd1 Rxd1 39. Nxd1 Kd6 40. f3
N4g5 41. fxg4 hxg4 42. Nde3 Nd4 43. Nxd4 exd4 44. Nxg4 f5 45. h4 fxg4 46. hxg5
c5 47. Kf2 Ke6 48. Ke2 Kf5 49. Kd2 Kxg5 50. Ke2 Kf5 51. Kf2 Ke4 52. Ke2 0-1

[Event "4th Bohumin Open 2021"]
[Site "Bohumin CZE"]
[Date "2021.07.10"]
[Round "8.19"]
[White "Tomanec, Samuel"]
[Black "Szpalek, Martin"]
[Result "1-0"]
[WhiteElo "1395"]
[BlackElo "1309"]
[PlyCount "51"]
[EventDate "2021.07.03"]
[SourceTitle "The Week in Chess 1392"]
[Source "Mark Crowther"]
[SourceDate "2021.07.12"]
[SourceVersion "1"]
[SourceVersionDate "2021.07.20"]
[SourceQuality "2"]

1. e4 e5 2. Nf3 Nc6 3. c3 Nf6 4. d4 exd4 5. e5 Qe7 6. cxd4 d6 7. Bb5 dxe5 8.
Bxc6+ bxc6 9. dxe5 Nd5 10. O-O Bg4 11. Qa4 Bxf3 12. Qxc6+ Qd7 13. Qxa8+ Qd8 14.
Qxd8+ Kxd8 15. gxf3 Nb4 16. Na3 Nc6 17. Bg5+ Be7 18. Rad1+ Ke8 19. Bxe7 Kxe7
20. Nb5 Nxe5 21. Rfe1 Kf6 22. Re3 Nc4 23. Rc3 Nxb2 24. Rc6+ Ke5 25. Re1+ Kd5
26. Rxc7 1-0

[Event "4th Bohumin Open 2021"]
[Site "Bohumin CZE"]
[Date "2021.07.09"]
[Round "7.15"]
[White "Tomanec, Samuel"]
[Black "Czerwinska, Oliwia"]
[Result "1/2-1/2"]
[WhiteElo "1395"]
[BlackElo "1473"]
[PlyCount "51"]
[EventDate "2021.07.03"]
[SourceTitle "The Week in Chess 1392"]
[Source "Mark Crowther"]
[SourceDate "2021.07.12"]
[SourceVersion "1"]
[SourceVersionDate "2021.07.20"]
[SourceQuality "2"]

1. e4 e5 2. Nf3 Nc6 3. c3 Nf6 4. d4 exd4 5. e5 Nd5 6. cxd4 Bb4+ 7. Bd2 Bxd2+ 8.
Nbxd2 O-O 9. g3 d6 10. Bg2 dxe5 11. dxe5 Re8 12. O-O Nb6 13. Re1 Nd4 14. Nxd4
Qxd4 15. Nb3 Qxb2 16. Nc5 c6 17. Rc1 Nd5 18. Bxd5 cxd5 19. Qxd5 Be6 20. Qxb7
Qxb7 21. Nxb7 Bxa2 22. Nd6 Red8 23. Ra1 Be6 24. Ra6 Bc8 25. Nxc8 Rdxc8 26. e6
1/2-1/2

[Event "chess.com Junior Speed"]
[Site "chess.com INT"]
[Date "2021.07.08"]
[Round "1.29"]
[White "Yoo, Christopher Woojin"]
[Black "Niemann, Hans Moke"]
[Result "0-1"]
[WhiteElo "2479"]
[BlackElo "2571"]
[PlyCount "128"]
[EventDate "2021.07.01"]
[EventType "k.o."]
[SourceTitle "The Week in Chess 1392"]
[Source "Mark Crowther"]
[SourceDate "2021.07.12"]
[SourceVersion "1"]
[SourceVersionDate "2021.07.20"]
[SourceQuality "2"]

1. e4 e5 2. Nf3 Nc6 3. c3 d5 4. Qa4 f6 5. d3 Bc5 6. Be2 Nge7 7. O-O O-O 8. b4
Bb6 9. Bb2 Be6 10. Nbd2 a6 11. Rad1 Ng6 12. g3 Bh3 13. Rfe1 Kh8 14. Bf1 Bxf1
15. Rxf1 Qd7 16. Qb3 Rad8 17. exd5 Qxd5 18. Qxd5 Rxd5 19. Nc4 Rfd8 20. Ne1 Ba7
21. a4 Nge7 22. Kg2 Kg8 23. Ne3 R5d7 24. Kf3 Bxe3 25. fxe3 a5 26. b5 Na7 27. c4
Nac8 28. Bc3 b6 29. Ke2 Nd6 30. Nf3 Ng6 31. Nd2 Re8 32. e4 Nb7 33. Nb3 Nf8 34.
Bd2 Ne6 35. Be3 Kf7 36. Rc1 Red8 37. Rfd1 g6 38. c5 bxc5 39. Nxc5 Nbxc5 40.
Bxc5 f5 41. exf5 gxf5 42. b6 cxb6 43. Bxb6 Rb8 44. Bxa5 Nd4+ 45. Kf1 Nb3 46.
Rb1 Rdb7 47. Bc3 Nd2+ 48. Rxd2 Rxb1+ 49. Kg2 Re8 50. a5 Rb3 51. Ba1 Ra3 52. Bb2
Rxa5 53. Rf2 Ke6 54. Re2 Kd5 55. Bc1 Rea8 56. Kh3 Ra2 57. Bb2 Re8 58. g4 f4 59.
g5 f3 60. Rf2 e4 61. dxe4+ Rxe4 62. Kg3 Re2 63. Rxf3 Raxb2 64. Rf7 Rg2+ 0-1

[Event "chess.com Junior Speed"]
[Site "chess.com INT"]
[Date "2021.07.08"]
[Round "1.27"]
[White "Yoo, Christopher Woojin"]
[Black "Niemann, Hans Moke"]
[Result "1-0"]
[WhiteElo "2479"]
[BlackElo "2571"]
[PlyCount "63"]
[EventDate "2021.07.01"]
[EventType "k.o."]
[SourceTitle "The Week in Chess 1392"]
[Source "Mark Crowther"]
[SourceDate "2021.07.12"]
[SourceVersion "1"]
[SourceVersionDate "2021.07.20"]
[SourceQuality "2"]

1. e4 e5 2. Nf3 Nc6 3. c3 d5 4. Qa4 f6 5. d3 Be6 6. Be2 Bc5 7. O-O Nge7 8. b4
Bb6 9. Bb2 O-O 10. Nbd2 a5 11. b5 Nb8 12. d4 Nd7 13. c4 dxe4 14. Nxe4 exd4 15.
Nxd4 Bxd4 16. Bxd4 Nf5 17. Bb2 Nb6 18. Qc2 Nd4 19. Bxd4 Qxd4 20. Rad1 Qe5 21.
f4 Qf5 22. g4 Qg6 23. f5 Bxf5 24. Rxf5 Rae8 25. c5 Nc8 26. Ng3 Ne7 27. Qc4+ Kh8
28. Rh5 f5 29. Bd3 Rd8 30. Rf1 Qf6 31. Nxf5 Ng6 32. Ng3 1-0

[Event "chess.com Junior Speed"]
[Site "chess.com INT"]
[Date "2021.07.08"]
[Round "1.25"]
[White "Yoo, Christopher Woojin"]
[Black "Niemann, Hans Moke"]
[Result "1-0"]
[WhiteElo "2479"]
[BlackElo "2571"]
[PlyCount "127"]
[EventDate "2021.07.01"]
[EventType "k.o."]
[SourceTitle "The Week in Chess 1392"]
[Source "Mark Crowther"]
[SourceDate "2021.07.12"]
[SourceVersion "1"]
[SourceVersionDate "2021.07.20"]
[SourceQuality "2"]

1. e4 e5 2. Nf3 Nc6 3. c3 d5 4. Qa4 f6 5. d3 Be6 6. Be2 Qd7 7. O-O Bc5 8. b4
Bb6 9. Bb2 Nge7 10. Nbd2 O-O 11. b5 Nd8 12. c4 d4 13. Ba3 a6 14. c5 Ba7 15. c6
bxc6 16. bxa6 c5 17. Qc2 Ndc6 18. Rfc1 Bb6 19. Bxc5 Rxa6 20. Bxb6 cxb6 21. Qb2
Rfa8 22. a3 Ng6 23. Bf1 Nce7 24. Nc4 b5 25. Ncd2 Nf4 26. Nb3 b4 27. Nc5 bxa3
28. Rxa3 Rxa3 29. Nxd7 Bxd7 30. Rc7 Ra2 31. Qb7 Ra1 32. h3 Bc8 33. Qb3+ Be6 34.
Qb7 Bc8 35. Qb2 R1a7 36. Rxa7 Rxa7 37. Kh2 Rb7 38. Qc1 Ne6 39. Nd2 Rc7 40. Qa3
Ng6 41. Nc4 h5 42. g3 h4 43. Be2 Ng5 44. Qd6 Rd7 45. Qb8 Ne7 46. Bg4 f5 47.
Bxf5 Rb7 48. Qa8 Rb2 49. Bxc8 Rxf2+ 50. Kg1 hxg3 51. Bg4+ Kh7 52. Nxe5 Ng6 53.
Nxg6 Kxg6 54. Qd5 Nf3+ 55. Bxf3 Rxf3 56. Qxd4 Kg5 57. Qxg7+ Kf4 58. Qg4+ Ke3
59. Qxf3+ Kxf3 60. e5 g2 61. e6 Kg3 62. e7 Kxh3 63. e8=Q Kg3 64. Qe3+ 1-0

[Event "chess.com Junior Speed"]
[Site "chess.com INT"]
[Date "2021.07.08"]
[Round "1.21"]
[White "Yoo, Christopher Woojin"]
[Black "Niemann, Hans Moke"]
[Result "1-0"]
[WhiteElo "2479"]
[BlackElo "2571"]
[PlyCount "65"]
[EventDate "2021.07.01"]
[EventType "k.o."]
[SourceTitle "The Week in Chess 1392"]
[Source "Mark Crowther"]
[SourceDate "2021.07.12"]
[SourceVersion "1"]
[SourceVersionDate "2021.07.20"]
[SourceQuality "2"]

1. e4 e5 2. Nf3 Nc6 3. c3 d5 4. Qa4 f6 5. d3 Be6 6. Be2 Qd7 7. O-O Bc5 8. b4
Bb6 9. Bb2 Nge7 10. c4 dxe4 11. dxe4 Bd4 12. Nxd4 Nxd4 13. Qxd7+ Bxd7 14. Bxd4
exd4 15. Rd1 O-O-O 16. Na3 Rhe8 17. Nc2 Ba4 18. Rac1 Nc6 19. b5 Ne5 20. Rxd4
Rxd4 21. Nxd4 Rd8 22. Nb3 Bxb3 23. axb3 Rd2 24. Kf1 Rb2 25. Bd1 Kd7 26. Bc2 Kd6
27. Ke2 Kc5 28. Kd2 Kb4 29. Ra1 Ng4 30. Ra4+ Kc5 31. Kc3 Rxc2+ 32. Kxc2 Nxf2
33. Rxa7 1-0

[Event "chess.com Junior Speed"]
[Site "chess.com INT"]
[Date "2021.07.08"]
[Round "1.18"]
[White "Yoo, Christopher Woojin"]
[Black "Niemann, Hans Moke"]
[Result "1-0"]
[WhiteElo "2479"]
[BlackElo "2571"]
[PlyCount "80"]
[EventDate "2021.07.01"]
[EventType "k.o."]
[SourceTitle "The Week in Chess 1392"]
[Source "Mark Crowther"]
[SourceDate "2021.07.12"]
[SourceVersion "1"]
[SourceVersionDate "2021.07.20"]
[SourceQuality "2"]

1. e4 e5 2. Nf3 Nc6 3. c3 d5 4. Qa4 f6 5. d3 Be6 6. Be2 Qd7 7. O-O dxe4 8. dxe4
Bd6 9. Be3 Nge7 10. Nbd2 a6 11. Nc4 O-O 12. Nxd6 cxd6 13. Rfd1 Qc7 14. Rd2 b5
15. Qd1 Rfd8 16. a4 Rab8 17. axb5 axb5 18. Qf1 Qb7 19. Rad1 d5 20. Bc5 dxe4 21.
Rxd8+ Nxd8 22. Nd2 Ng6 23. f3 exf3 24. Bxf3 Qc7 25. Ne4 Nf7 26. Qf2 Rd8 27. Ra1
f5 28. Bb6 Qc8 29. Bxd8 fxe4 30. Bxe4 Qxd8 31. Ra8 Bc8 32. Qc5 Ne7 33. Bb7 Nd6
34. Bxc8 Ndxc8 35. Qxe5 Qb6+ 36. Kf1 Qg6 37. Qxe7 Qf5+ 38. Kg1 Qb1+ 39. Kf2
Qf5+ 40. Ke3 Qf2+ 1-0

[Event "34th Leon Blitz Open 2021"]
[Site "chess.com INT"]
[Date "2021.07.07"]
[Round "9"]
[White "Gabriel, Ro"]
[Black "Bures, Vi"]
[Result "0-1"]
[WhiteElo "2236"]
[BlackElo "2144"]
[PlyCount "138"]
[EventDate "2021.07.07"]
[EventType "blitz"]
[SourceTitle "The Week in Chess 1392"]
[Source "Mark Crowther"]
[SourceDate "2021.07.12"]
[SourceVersion "1"]
[SourceVersionDate "2021.07.20"]
[SourceQuality "2"]

1. e4 e5 2. Nf3 Nc6 3. c3 d5 4. Qa4 f6 5. d3 Nge7 6. Be2 Bd7 7. Qc2 a5 8. a4
dxe4 9. dxe4 Ng6 10. O-O Bc5 11. h3 Qe7 12. Na3 O-O 13. Nb5 Be6 14. Be3 Bxe3
15. fxe3 Rac8 16. Rfe1 Qc5 17. Bf1 Na7 18. Nxa7 Qxa7 19. Kh2 Rcd8 20. c4 Qc5
21. Qc3 Rd6 22. Rad1 Rfd8 23. Rxd6 Rxd6 24. b3 b6 25. Bd3 Ne7 26. Bb1 Nc6 27.
Nh4 Qb4 28. Qxb4 Nxb4 29. Nf5 Bxf5 30. exf5 Rd2 31. Be4 Kf8 32. Kg3 Ke7 33. Rb1
Kd6 34. Kf3 Kc5 35. g4 Na2 36. Bd5 Nc3 37. Rg1 h6 38. Be6 Rb2 39. h4 Rxb3 40.
g5 hxg5 41. hxg5 Nxa4 42. gxf6 gxf6 43. Rg7 c6 44. Rc7 Nb2 45. Rc8 a4 46. Bd7
a3 47. Rxc6+ Kb4 48. Rxb6+ Kc3 49. Ra6 Nxc4 50. Be6 Kb4 51. Bxc4 Kxc4 52. Ke4
Kb4 53. Kd5 Rxe3 54. Ke6 e4 55. Kxf6 Rf3 56. Ke5 e3 57. Rb6+ Kc3 58. Rb1 a2 59.
Re1 Kb2 60. Re2+ Kb3 61. Re1 e2 62. f6 Rf1 63. f7 Rxf7 64. Kd4 Rf1 65. Rxe2
a1=Q+ 66. Kd3 Rf3+ 67. Re3 Qc3+ 68. Ke2 Qxe3+ 69. Kd1 Rf1# 0-1

[Event "Titled Tuesday 6th July"]
[Site "chess.com INT"]
[Date "2021.07.06"]
[Round "9"]
[White "Flores Quillas, Diego Saul Rodri"]
[Black "Mons, L."]
[Result "1-0"]
[WhiteElo "2245"]
[BlackElo "2530"]
[PlyCount "75"]
[EventDate "2021.07.06"]
[SourceTitle "The Week in Chess 1392"]
[Source "Mark Crowther"]
[SourceDate "2021.07.12"]
[SourceVersion "1"]
[SourceVersionDate "2021.07.20"]
[SourceQuality "2"]

1. e4 e5 2. Nf3 Nc6 3. c3 d5 4. Qa4 f6 5. d3 Nge7 6. Nbd2 Be6 7. b4 a6 8. Qc2
Qd7 9. a3 g5 10. h3 Ng6 11. g3 h5 12. Bb2 h4 13. exd5 Bxd5 14. c4 Be6 15. d4
Bf5 16. Bd3 Bxd3 17. Qxd3 Nce7 18. Ne4 Bg7 19. Nc5 Qf5 20. Qxf5 Nxf5 21. g4 Nd6
22. Ne6 Kf7 23. Nxg7 Kxg7 24. dxe5 Nxe5 25. Nxe5 Rhe8 26. O-O-O fxe5 27. c5 Nc4
28. Rd7+ Kg6 29. Rxc7 Rf8 30. Re1 Rxf2 31. Bxe5 Re8 32. Bc3 Rxe1+ 33. Bxe1 Rh2
34. Rxb7 Rxh3 35. c6 Re3 36. c7 Rxe1+ 37. Kc2 Re8 38. Rb8 1-0

[Event "Titled Tuesday 6th July"]
[Site "chess.com INT"]
[Date "2021.07.06"]
[Round "7"]
[White "Flores Quillas, Diego Saul Rodri"]
[Black "Alavi, S."]
[Result "1-0"]
[WhiteElo "2245"]
[BlackElo "2445"]
[PlyCount "127"]
[EventDate "2021.07.06"]
[SourceTitle "The Week in Chess 1392"]
[Source "Mark Crowther"]
[SourceDate "2021.07.12"]
[SourceVersion "1"]
[SourceVersionDate "2021.07.20"]
[SourceQuality "2"]

1. e4 e5 2. Nf3 Nc6 3. c3 Nf6 4. d4 Nxe4 5. d5 Ne7 6. Nxe5 Ng6 7. Qe2 Qe7 8.
Nxg6 hxg6 9. Bf4 d6 10. Na3 g5 11. Be3 a6 12. O-O-O Bf5 13. Nc2 Bd7 14. Nd4 f5
15. Re1 Qe5 16. Qc4 b5 17. Qxc7 Qxd5 18. f3 Rc8 19. fxe4 fxe4 20. Qa5 Be7 21.
Be2 O-O 22. Kb1 Kh7 23. Rhf1 Bf6 24. Bd1 Qe5 25. h3 Rc5 26. Nc2 Rcc8 27. Bd4
Qe7 28. Bxf6 gxf6 29. Qb6 f5 30. Qd4 Bc6 31. Qd2 f4 32. Bg4 e3 33. Qd1 Be4 34.
Ka1 Qf6 35. Bxc8 Rxc8 36. Nd4 b4 37. Qh5+ Kg7 38. Rc1 bxc3 39. bxc3 Bg6 40. Qg4
Rxc3 41. Rxc3 Qxd4 42. Rfc1 a5 43. Qxg5 e2 44. Qe7+ Kh6 45. Qxe2 Be4 46. Qd1
Qe5 47. g3 fxg3 48. Qg4 g2 49. Kb2 Qb5+ 50. Ka1 Qe5 51. Qg3 Qd4 52. a3 d5 53.
Qe3+ Qxe3 54. Rxe3 Kg5 55. Rxe4 dxe4 56. Rg1 Kf4 57. Rxg2 Kf3 58. Rg7 e3 59. h4
e2 60. Re7 Kf2 61. h5 e1=Q+ 62. Rxe1 Kxe1 63. h6 Kd2 64. h7 1-0

[Event "Titled Tuesday 6th July"]
[Site "chess.com INT"]
[Date "2021.07.06"]
[Round "3"]
[White "Flores Quillas, Diego Saul Rodri"]
[Black "Mickiewicz, P."]
[Result "0-1"]
[WhiteElo "2245"]
[BlackElo "2247"]
[PlyCount "72"]
[EventDate "2021.07.06"]
[SourceTitle "The Week in Chess 1392"]
[Source "Mark Crowther"]
[SourceDate "2021.07.12"]
[SourceVersion "1"]
[SourceVersionDate "2021.07.20"]
[SourceQuality "2"]

1. e4 e5 2. Nf3 Nc6 3. c3 Nf6 4. d4 Nxe4 5. d5 Ne7 6. Nxe5 Ng6 7. Qe2 Qe7 8.
Nxg6 hxg6 9. Bf4 d6 10. Na3 g5 11. Be3 Bd7 12. O-O-O O-O-O 13. Bxa7 g4 14. Re1
f5 15. Qc4 Qg5+ 16. Be3 f4 17. Bb6 Nc5 18. Bxc5 dxc5 19. f3 Bd6 20. Bd3 gxf3
21. gxf3 Qg2 22. Be4 Rxh2 23. Rxh2 Qxh2 24. Nb5 Bxb5 25. Qxb5 Kb8 26. a4 Qf2
27. Re2 Qg1+ 28. Kc2 Rh8 29. a5 Rh1 30. Rd2 c4 31. Qxc4 Qa1 32. a6 Rc1+ 33. Kd3
Qb1+ 34. Kd4 Qa1 35. axb7 Qa7+ 36. Kd3 Qe3# 0-1

[Event "2nd Rey Ardid Masters"]
[Site "Zaragoza ESP"]
[Date "2021.07.01"]
[Round "6.5"]
[White "Gavarrete, Nahun"]
[Black "Gines Esteo, Pedro Antonio"]
[Result "1/2-1/2"]
[WhiteElo "2379"]
[BlackElo "2470"]
[PlyCount "36"]
[EventDate "2021.06.28"]
[SourceTitle "The Week in Chess 1391"]
[Source "Mark Crowther"]
[SourceDate "2021.07.05"]
[SourceVersion "3"]
[SourceVersionDate "2021.07.08"]
[SourceQuality "2"]

1. e4 e5 2. Nf3 Nc6 3. c3 d5 4. Qa4 Bd7 5. exd5 Nd4 6. Qd1 Nxf3+ 7. Qxf3 Nf6 8.
h3 e4 9. Qd1 Nxd5 10. d3 exd3 11. Bxd3 Qf6 12. Be4 Be6 13. Qa4+ c6 14. O-O Nb6
15. Qc2 Bd6 16. Nd2 O-O-O 17. Nf3 h6 18. Be3 Rhe8 1/2-1/2